000 00427nam a22001817a 4500
005 20260514150212.0
010 _aENG-148456
020 _a9789353211455
_c430.00
035 _aEN-131988
037 _bDBAD
082 _aN
_21
100 _aBhatt, Bhavesh K.
_989106
245 _aThe Almanika in your Love/
_cBhavesh K. Bhatt
250 _a1
260 _bPothi
300 _avpp.
_c23cm(pb)
942 _2ddc
_cEN
_hN
_mBHA
999 _c216204
_d216204